[Event "World op 45th"]
[Site "Philadelphia"]
[Date "2017.07.04"]
[Round "8"]
[White "Nguyen, Tan"]
[Black "Sena, Juan Oscar"]
[Result "1-0"]
[WhiteElo "1949"]
[BlackElo "2073"]
[PlyCount "85"]
[EventDate "2017.06.29"]
[EventType "swiss"]
[EventRounds "9"]
[EventCountry "USA"]
[SourceTitle "CBM 179 Extra"]
[Source "ChessBase"]
[SourceDate "2017.08.23"]
[SourceVersion "1"]
[SourceVersionDate "2017.08.23"]
[SourceQuality "1"]

1. d4 Nf6 2. c4 d6 3. Nc3 Nbd7 4. Nf3 e5 5. dxe5 dxe5 6. a3 a5 7. Rg1 c6 8. g4 Qc7 9. g5 Nh5 10. e3 Nc5 11. Nd2 g6 12. b3 Bf5 13. Bb2 Rd8 14. b4 Nd3+ 15. Bxd3 Bxd3 16. Qa4 axb4 17. Nd5 Qb8 18. axb4 b5 19. Qa6 Qc8 20. Bxe5 Bg7 21. Bxg7 Nxg7 22. Nf6+ Kf8 23. Qb6 Ne6 24. c5 Kg7 25. Nf3 h6 26. h4 hxg5 27. hxg5 Rh3 28. Ne5 Nxg5 29. 0-0-0 Kxf6 30. Nxc6 Ne6 31. Nxd8 Qa8 32. Nxe6 fxe6 33. Rxd3 Qa1+ 34. Kd2 Qb2+ 35. Kd1 Qb1+ 36. Ke2 Qc2+ 37. Rd2 Qc4+ 38. Kd1 Rh8 39. Qd6 Ra8 40. Qf4+ Qxf4 41. exf4 Ra1+ 42. Kc2 Rxg1 43. c6 1-0

[Event "Windsor NAYCC U16"]
[Site "Windsor"]
[Date "2016.08.08"]
[Round "2.30"]
[White "Nguyen, Tan"]
[Black "Li, Zhaozhi"]
[Result "0-1"]
[WhiteElo "1972"]
[BlackElo "2305"]
[PlyCount "122"]
[EventDate "2016.08.07"]
[EventType "swiss"]
[EventRounds "9"]
[EventCountry "CAN"]
[SourceTitle "EXT 2022"]
[Source "ChessBase"]
[SourceDate "2021.10.06"]
[SourceVersion "1"]
[SourceVersionDate "2021.10.06"]
[SourceQuality "1"]

1. d4 Nf6 2. c4 e6 3. Nf3 b6 4. g3 Bb7 5. Bg2 Be7 6. 0-0 0-0 7. Nc3 Ne4 8. Qd3 Nxc3 9. Qxc3 c5 10. dxc5 bxc5 11. Rd1 d6 12. Qd3 Nc6 13. e4 Qc7 14. Bf4 Rfd8 15. Qe2 Bf6 16. Rab1 a5 17. Qe3 h6 18. g4 g5 19. Bg3 Bd4 20. Qd2 e5 21. h4 f6 22. Nxd4 Nxd4 23. f3 Qf7 24. b3 Bc6 25. Bf2 Qe6 26. h5 Rdb8 27. Bxd4 exd4 28. Bf1 Qe5 29. Kg2 Rb4 30. Bd3 a4 31. Bc2 axb3 32. axb3 Ra2 33. Qd3 Rb7 34. Ra1 Rba7 35. Rxa2 Rxa2 36. Rd2 Qf4 37. Rf2 Kf8 38. Qd2 Qxd2 39. Rxd2 d3 40. Rxd3 Rxc2+ 41. Kf1 Ke7 42. Ke1 Ke6 43. Kd1 Rg2 44. Rd2 Rg1+ 45. Ke2 Ke5 46. Ke3 Rb1 47. Rd3 Rb2 48. Rc3 Rg2 49. Rc1 Rh2 50. Rd1 Bxe4 51. fxe4 Rh3+ 52. Ke2 Rxb3 53. Rd5+ Ke6 54. Rd3 Rb1 55. Rc3 Ke5 56. Ke3 Ra1 57. Rc2 Ra3+ 58. Ke2 Kxe4 59. Rd2 Ke5 60. Rd5+ Ke6 61. Kf2 Rc3 0-1